Southville International School and Colleges
Your cart is empty.
  • Cart
  • Lists
    Public lists list_1 View all
    Your lists Log in to create your own lists
  • Log in to your account
  • Your cookies
  • Search history
Southville International School and Colleges
  • Advanced search
  • Recent comments
  • Most popular
  • Libraries

Log in to your account

Log in with GOOGLE


If you do not have an external account, but do have a local account, you can still log in:

  1. Home
  2. MARC view: Principles of management and organization /
Normal view MARC view ISBD view

Principles of management and organization / (Record no. 284499)

[ view plain ]
MARC details
000 -LEADER
fixed length control field 00457nam a22001577a 4500
003 - CONTROL NUMBER IDENTIFIER
control field SISC
005 - DATE AND TIME OF LATEST TRANSACTION
control field 20170119150624.0
008 - FIXED-LENGTH DATA ELEMENTS--GENERAL INFORMATION
fixed length control field 150528b xxu||||| |||| 00| 0 eng d
020 ## - INTERNATIONAL STANDARD BOOK NUMBER
International Standard Book Number 9781121262379
050 ## - LIBRARY OF CONGRESS CALL NUMBER
Classification number HD 31
Item number .P957 2011
245 ## - TITLE STATEMENT
Title Principles of management and organization /
260 ## - PUBLICATION, DISTRIBUTION, ETC. (IMPRINT)
Place of publication, distribution, etc Philippines :
Name of publisher, distributor, etc McGraw-Hill Companies, Inc.,
Date of publication, distribution, etc 2011.
300 ## - PHYSICAL DESCRIPTION
Extent 260 pages :
Other physical details illustrations ;
Dimensions 26 cm.
650 ## - SUBJECT ADDED ENTRY--TOPICAL TERM
Topical term or geographic name as entry element Management.
942 ## - ADDED ENTRY ELEMENTS (KOHA)
Source of classification or shelving scheme Library of Congress Classification
Koha item type Books
Call number prefix Local
Holdings
Withdrawn status Lost status Source of classification or shelving scheme Damaged status Home library Current library Shelving location Date acquired Source of acquisition Total Checkouts Full call number Barcode Date last seen Price effective from Koha item type
    Library of Congress Classification   College Library College Library General Circulation Section 05/28/2015 Library Fund   HD 31 .P957 2011 C19422 05/15/2018 05/28/2015 Books
    Library of Congress Classification   College Library College Library General Circulation Section 05/28/2015 Library Fund   HD 31 .P957 2011 C19423 05/15/2018 05/28/2015 Books

Principles of management and organization /

APA

(2011). Principles of management and organization. Philippines: McGraw-Hill Companies, Inc.

Chicago

2011. Principles of management and organization. Philippines: McGraw-Hill Companies, Inc.

Harvard

(2011). Principles of management and organization. Philippines: McGraw-Hill Companies, Inc.

MLA

Principles of management and organization. Philippines: McGraw-Hill Companies, Inc. 2011.

  • Place hold
  • Print
  • Cite
  • Add to your cart (remove)
  • Save record
    BIBTEX Dublin Core MARCXML MARC (non-Unicode/MARC-8) MARC (Unicode/UTF-8) MARC (Unicode/UTF-8, Standard) MODS (XML) RIS
  • More searches
    Search for this title in:
    Other Libraries (WorldCat) Other Databases (Google Scholar) Online Stores (Bookfinder.com) Open Library (openlibrary.org)

Exporting to Dublin Core...

SOUTHVILLE LIBRARY

Southville International School and Colleges Library

1281 Tropical Ave. Cor. Luxembourg St., BF Homes International, Las Pinas City

Tel. No. 8256374 / 252358 Loc. 117/146

Powered by Koha